ბათუმის შოთა რუსთაველის სახელმწიფო უნივერსიტეტის ბიბლიოთეკა

სამხრეთ-დასავლეთ საქართველოს ისტორიიდან : სამუსლიმანო საქართველოს განმათავისუფლებელი კომიტეტი (ბიბ.ჩანაწერი № 56250)

000 -ლიდერი
ფიქსირებული სიგრძის საკონტროლო ველი 01758nam a2200277Ia 4500
001 - საკონტროლო ნომერი
საკონტროლო ველი 23352
003 - საკონტროლო ნომრის იდენტიფიკატორი
საკონტროლო ველი GE_BSU
005 - ბოლო ოპერაციის თარიღი და დრო
საკონტროლო ველი 20251226213138.0
008 - ფიქსირებული სიგრძის მონაცემთა ელემენტები - ზოგადი ინფორმაცია
ფიქსირებული სიგრძის საკონტროლო ველი 181216s1997||||ge |||||||||||||| ||geo||
040 ## - კატალოგიზაციის წყარო
Transcribing agency GE_BSU
041 ## - ენის კოდი
Language code of text/sound track or separate title geo
080 ## - უნივერსალური ათობითი კლასიფიკაციის ინდექსი
Universal Decimal Classification number 94(479.223)+ 325.8(479.22) მ-58
100 ## - მთავარი ჩანაწერი - პიროვნების სახელი
Personal name მესხია, ერმილე
9 (RLIN) 1724
245 ## - ცნობა სათაურის შესახებ
Title სამხრეთ-დასავლეთ საქართველოს ისტორიიდან : სამუსლიმანო საქართველოს განმათავისუფლებელი კომიტეტი
Remainder of title სამუსლიმანო საქართველოს განმათავისუფლებელი კომიტეტი /
Statement of responsibility, etc ერმილე მესხია ; რედ.: ლევან თოიძე.
264 ## - წარმოების, გამოცემის, დისტრიბუციის და სხვა ცნობები
გამოცემის, წარმოების, დისტრიბუციის... ადგილი ბათუმი :
გამოცემის, წარმოების, დისტრიბუციის... სახელწოდება აჭარა,
გამოცემის, წარმოების, დისტრიბუციის... თარიღი 1997.
300 ## - ფიზიკური აღწერა
Extent 128 გვ. ;
Dimensions 20 სმ.
504 ## - BIBLIOGRAPHY, ETC. NOTE
Bibliography, etc ბიბლიოგრ.: გვ. 110-118
520 ## - SUMMARY, ETC.
Summary, etc რეზ. რუს. ენ.
653 ## - INDEX TERM--UNCONTROLLED
Uncontrolled term აჭარის ისტორია
653 ## - INDEX TERM--UNCONTROLLED
Uncontrolled term ეროვნულ-განმათავისუფლებელი მოძრაობა სამხრეთ-დასავლეთ საქართველოში
653 ## - INDEX TERM--UNCONTROLLED
Uncontrolled term ისტორია
653 ## - INDEX TERM--UNCONTROLLED
Uncontrolled term სამხრეთ-დასავლეთ საქართველოს ისტორიიდან : სამუსლიმანო საქართველოს განმათავისუფლებელი კომიტეტი
700 ## - ADDED ENTRY--PERSONAL NAME
Personal name თოიძე, ლევან
Relator term რედაქტორი
9 (RLIN) 1561
942 ## - ADDED ENTRY ELEMENTS (KOHA)
Koha item type წიგნი
Source of classification or shelving scheme
ეგზემპლარები
ჩამოწერის სტატუსი დაკარგული ეგზემპლარის სტატუსი კლასიფიკაციის წყარო ან თაროზე გაწყობის სქემა დაზიანების სტატუსი არ გაიცემა მუდმივი მდებარეობა (დაცვის ადგილი) ამჟამინდელი ადგილსამყოფელი თაროზე განთავსების ადგილი შეძენის თარიღი ღირებულება, შესყიდვის ნორმალური ფასი სრული შენახვის შიფრი შტრიხკოდი ბოლო ოპერაციის თარიღი ეგზემპლარის მიმდევრობითი ნომერი (კეტერი?) ფასის ძალაში შესვლის თარიღი ეგზემპლარის სახეობა საჯარო შენიშვნა
          ბათუმის შოთა რუსთაველის სახელმწიფო უნივერსიტეტის მთავარი ბიბლიოთეკა ბათუმის შოთა რუსთაველის სახელმწიფო უნივერსიტეტის მთავარი ბიბლიოთეკა წიგნსაცავი 2018-12-17 4.00 94(479.223)+ 325.8(479.22) მ-58 28327 2018-12-17 28327 2018-12-17 წიგნი 4.00 ₾.